| 000 | 00822cam a22002652 4500 | ||
|---|---|---|---|
| 001 | 8314 | ||
| 003 | BD-RJUL | ||
| 005 | 20211208234550.0 | ||
| 008 | 14 r19711966enka b 001 0 eng c | ||
| 035 | _a(BD-RjUL)8359 | ||
| 040 |
_aDLC/ICU _cCGU _dDLC _dUKM _dEQO _dBD-RjUL _beng |
||
| 041 | _aeng | ||
| 082 | 0 | 0 |
_a512.86 _216 _bTRI 1971 |
| 100 | 1 |
_aTranter, C. J. _q(Clement John) _919041 |
|
| 245 | 1 | 0 |
_aIntegral transforms in mathematical physics / _cC.J. Tranter. |
| 250 | _a3rd ed. | ||
| 260 |
_aLondon : _bMethuen ; _aNew York : _bChapman and Hall, _c1971. |
||
| 300 |
_aix, 139 p. _bdiagrs. _c18 cm. |
||
| 490 | 0 | _aIntegral transforms in Mathematical physics. | |
| 504 | _aIncludes index | ||
| 650 | 0 |
_aMathematical physics. _91138 |
|
| 650 | 0 |
_aIntegral transforms. _919804 |
|
| 942 |
_2ddc _cBK |
||
| 999 |
_c8314 _d8314 |
||